000 00764nam a2200241 i 4500
001 104626
003 ES-MaACL
005 20250916203105.0
007 t|
008 051202s1955 sp f ||||1|bspa d
080 _a929 Chaplin, Charles
100 1 _aMinney, Rubeigh James.
_981370
245 1 0 _aCharlot, el genial vagabundo /
_cRubeigh James Minney ; [traducción de Mª Teresa Monguió].
250 _a1ª ed.
260 _aBarcelona :
_bJuventud,
_c1955.
300 _a255 p., 13 lám. ;
_c22 cm.
490 1 _aGrandes biografías
600 1 4 _aChaplin, Charlie,
_d1889-1977-
_xBiografías
_938022
700 1 _aMonguió, María Teresa.
_982206
830 0 _aGrandes biografías
_9181124
852 _aES-MaACL
_jC-10075
999 _c104626
_d104626